00318nam a2200121 a 4500008004100000020001500041050001500056100002300071245004100094250001200135260004000147350000900187120416s0000 ||||||||||||||||| || u a0471521906 aTP 157 Fro aFroment, Gilbert F10aChemical reactor analysis and design a2nd ed. aNew YorkbJohn Wiley and Sonsc1990 a0.00